Pokemon - Dresseurs de Kanto - Statistiques

Statistiques générales
  • Ce quiz a été pris 16 fois
  • Le résultat moyen est 10 sur 16
Statistiques - réponses
Par images Réponse % Correct
Pierre
100%
Giovanni
93%
Ondine
93%
Major Bob
86%
Regis
86%
Koga
79%
Aldo
71%
Erika
71%
Peter
71%
Morgane
64%
Agatha
57%
Auguste
50%
Olga
50%
Albert
29%
Richie
29%
Marc
14%
Aucun quiz correspondant
Distribution des résultats
% des personnes avec chaque résultat
Percentile par nombre de réponses
Votre historique - résultats
Vous n’avez pas pris ce quiz